Capitals of Russian Federal Subjects - Statistics

General Stats
  • This quiz has been taken 1,806 times
    366 since last reset
  • The average score is 51 of 85
Answer Stats
Federal Subject Answer % Correct
Republic of Tatarstan Kazan
89%
Primorsky Krai Vladivostok
81%
Sverdlovsk Oblast Yekaterinburg
81%
Federal City of Moscow Moscow
80%
Moscow Oblast Moscow/Krasnogorsk
80%
Chechen Republic Grozny
79%
Samara Oblast Samara
77%
Republic of Bashkortostan Ufa
76%
Sakha Republic Yakutsk
76%
Murmansk Oblast Murmansk
75%
Omsk Oblast Omsk
75%
Federal City of Saint Petersburg St. Petersburg
74%
Rostov Oblast Rostov-na-Donu
73%
Volgograd Oblast Volgograd
72%
Nizhny Novgorod Oblast Nizhny Novgorod
71%
Federal City of Sevastopol Sevastopol
71%
Tomsk Oblast Tomsk
69%
Vladimir Oblast Vladimir
69%
Chelyabinsk Oblast Chelyabinsk
68%
Krasnodar Krai Krasnodar
68%
Krasnoyarsk Krai Krasnoyarsk
68%
Saratov Oblast Saratov
68%
Novgorod Oblast Veliky Novgorod
68%
Belgorod Oblast Belgorod
66%
Irkutsk Oblast Irkutsk
66%
Novosibirsk Oblast Novosibirsk
66%
Perm Krai Perm
66%
Pskov Oblast Pskov
66%
Tula Oblast Tula
66%
Kursk Oblast Kursk
64%
Orenburg Oblast Orenburg
64%
Voronezh Oblast Voronezh
64%
Arkhangelsk Oblast Arkhangelsk
63%
Astrakhan Oblast Astrakhan
63%
Bryansk Oblast Bryansk
63%
Magadan Oblast Magadan
63%
Republic of Crimea Simferopol
63%
Tver Oblast Tver
63%
Ivanovo Oblast Ivanovo
62%
Republic of Dagestan Makhachkala
62%
Smolensk Oblast Smolensk
62%
Vologda Oblast Vologda
62%
Oryol Oblast Oryol
61%
Republic of Buryatia Ulan-Ude
61%
Kaluga Oblast Kaluga
60%
Lipetsk Oblast Lipetsk
60%
Penza Oblast Penza
60%
Ryazan Oblast Ryazan
60%
Yaroslavl Oblast Yaroslavl
60%
Zabaykalsky Krai Chita
59%
Kemerovo Oblast Kemerovo
59%
Khabarovsk Krai Khabarovsk
59%
Kirov Oblast Kirov
58%
Kostroma Oblast Kostroma
58%
Kurgan Oblast Kurgan
58%
Ulyanovsk Oblast Ulyanovsk
57%
Sakhalin Oblast Yuzhno-Sakhalinsk
56%
Stavropol Krai Stavropol
55%
Tambov Oblast Tambov
55%
Tyumen Oblast Tyumen
55%
Jewish Autonomous Oblast Birobidzhan
54%
Chukotka Autonomous Okrug Anadyr
53%
Republic of Kalmykia Elista
52%
Republic of North Ossetia-Alania Vladikavkaz
52%
Kamchatka Krai Petropavlovsk-Kamchatsky
51%
Republic of Karelia Petrozavodsk
51%
Udmurt Republic Izhevsk
49%
Chuvash Republic Cheboksary
47%
Tuva Republic Kyzyl
47%
Altai Krai Barnaul
46%
Kaliningrad Oblast Kaliningrad
46%
Republic of Khakassia Abakan
45%
Republic of Adygea Maykop
45%
Kabardino-Balkar Republic Nalchik
45%
Republic of Mordovia Saransk
44%
Komi Republic Syktyvkar
42%
Mari El Republic Yoshkar-Ola
42%
Amur Oblast Blagoveshchensk
41%
Khanty-Mansi Autonomous Okrug-Yugra Khanty-Mansiysk
41%
Karachay-Cherkess Republic Cherkessk
40%
Altai Republic Gorno-Altaysk
39%
Republic of Ingushetia Magas
36%
Yamalo-Nenets Autonomous Okrug Salekhard
35%
Nenets Autonomous Okrug Naryan-Mar
32%
Leningrad Oblast Gatchina
24%
No matching quizzes found
Score Distribution
Percent of People with Each Score
Percentile by Number Answered
Your Score History
You have not taken this quiz since the last reset